Länder efter bokstav - E - Statistics

General Stats
  • This quiz has been taken 113 times
  • The average score is 6 of 9
Answer Stats
Land % Correct
Eritrea
86%
Estland
86%
Ecuador
82%
Etiopien
80%
Elfenbenskusten
67%
Egypten
61%
El Salvador
61%
Eswatini
43%
Ekvatorialguinea
41%
No matching quizzes found
Score Distribution
Percent of People with Each Score
Percentile by Number Answered
Your Score History
You have not taken this quiz